000 00799nam a22002177a 4500
003 UA-OsUOA
001 42334
007 ta
008 20081222b un ||||| |||| 00| 0 ukr d
090 _a050 (УВАН в Канаді)
_bБ98
942 _cBR
040 _aUA-OsUOA
_bukr
_cUA-OsUOA
_dUA-OsUOA
245 _aБюлетень Української вільної Академії Наук в Канаді
_bБерезень 2008. Число 41
300 _a15 с.
955 _a4
041 _aukr
080 _a050 (УВАН в Канаді)
260 _aВінніпег
650 7 _a050 Серійні публікації. Періодика галузі, Організація та інші типи поєднання (співробітництва)
_2UDC
999 _c440834
_d440834